[Event "UGA-ch"]
[Site "Kampala"]
[Date "2011.12.06"]
[Round "4"]
[White "Apuuli, Davis"]
[Black "Walusansa, John"]
[Result "1-0"]
[WhiteElo "1950"]
[BlackElo "1950"]
[PlyCount "44"]
[EventDate "2011.12.05"]
[EventType "swiss"]
[EventRounds "10"]
[EventCountry "UGA"]
[SourceTitle "EXT 2013"]
[Source "ChessBase"]
[SourceDate "2012.11.22"]
[SourceVersion "1"]
[SourceVersionDate "2012.11.22"]
[SourceQuality "1"]

1. e4 c5 2. Bc4 Nc6 3. Qh5 Nh6 4. d3 e6 5. Nf3 g6 6. Qh3 Bg7 7. Nc3 Bxc3+ 8. bxc3 Ng8 9. 0-0 b6 10. a4 Na5 11. Ba2 Ba6 12. Bb2 Nf6 13. c4 h6 14. Qh4 Rh7 15. Bxf6 Qc7 16. Be5 Qc6 17. Qf6 d6 18. Bg3 Qd7 19. e5 Qe7 20. Qxe7+ Kxe7 21. exd6+ Kd7 22. Ne5+ Kd8 1-0